Les lieux de la politique. Citoyenneté, démocratie, périphérie (notice n° 1509036)
[ vue normale ]
| 000 -LEADER | |
|---|---|
| fixed length control field | 00612cam a2200181 4500500 |
| 005 - DATE AND TIME OF LATEST TRANSACTION | |
| control field | 20250921005027.0 |
| 041 ## - LANGUAGE CODE | |
| Language code of text/sound track or separate title | fre |
| 042 ## - AUTHENTICATION CODE | |
| Authentication code | dc |
| 100 10 - MAIN ENTRY--PERSONAL NAME | |
| Personal name | Balibar, Étienne |
| Relator term | author |
| 245 00 - TITLE STATEMENT | |
| Title | Les lieux de la politique. Citoyenneté, démocratie, périphérie |
| 260 ## - PUBLICATION, DISTRIBUTION, ETC. | |
| Date of publication, distribution, etc. | 2020.<br/> |
| 500 ## - GENERAL NOTE | |
| General note | 89 |
| 700 10 - ADDED ENTRY--PERSONAL NAME | |
| Personal name | Bouillon, Florence |
| Relator term | author |
| 700 10 - ADDED ENTRY--PERSONAL NAME | |
| Personal name | Carton de Grammont, Sarah |
| Relator term | author |
| 700 10 - ADDED ENTRY--PERSONAL NAME | |
| Personal name | Naepels, Michel |
| Relator term | author |
| 786 0# - DATA SOURCE ENTRY | |
| Note | Monde commun | 4 | 1 | 2020-05-27 | p. 10-33 | 2648-2339 |
| 856 41 - ELECTRONIC LOCATION AND ACCESS | |
| Uniform Resource Identifier | <a href="https://shs.cairn.info/revue-monde-commun-2020-1-page-10?lang=fr&redirect-ssocas=7080">https://shs.cairn.info/revue-monde-commun-2020-1-page-10?lang=fr&redirect-ssocas=7080</a> |
Pas d'exemplaire disponible.




Réseaux sociaux